000 00395nam a2200169Ia 4500
003 OSt
005 20240311140244.0
008 170619s9999 xx 000 0 und d
020 _a9780195685749
040 _cIIMT ENGINEERING COLLEGE
100 _aLuenberger- D.G
245 0 _aInvestment Sciences
260 _bOxford University
260 _c2011
546 _aENGLISH
942 _2ddc
_c02
999 _c22634
_d22634